000
00317nam a22001337a 4500
008
171003b xxu||||| |||| 00| 0 eng d
020
_a
0691017522
041
_a
eng
080
_a
159.9
100
_a
48
101
_a
PSI
245
_a
THE PSYCHOLOGY OF THE TRANSFERENCE JUNG
_c
HULL.R..F.C
942
_2
udc
_c
BK
999
_c
31410
_d
31410